01375nam a2200265Ia 450000100060000000300090000600800410001504000130005604000130006904100130008210000200009510000290011524000610014424000350020524500680024024500670030825000110037526000120038626000140039826000490041230000570046150005340051865000260105265000310107888354IT-RoPAU130308s9999 xx 000 0 und d aIT-RoPAU cIT-RoPAU aITALIANO aPopitz Heinrich gCodice Aut. SPICS: 31485 aPHANOMENE DER MACHT. AUTORITAT-HERRSCHAFT-GEWALT-TECHNIK gCodice Tit. Orig. Spics: T2029 aFenomenologia del potere-Autorità, dominio, violenza, tecnica bFenomenologia del Potere-Autorita', Dominio, Violenza, Tecnica a1a ed. aBOLOGNA bIl Mulino c1990 [1° Ed.:1990 - Ed.Ling.Originale:1986] a"150 p. (prefazione: no ; testo: 150 [pagine: 0-0])" aIntroduzione All'Edizione Italiana di Gianfranco Poggi Vincolo di Autorità Effetti di Autorità riconoscimento di Autorità Potere e dominio Gradi di istituzionalizzazione del Potere violenza Potere di Azione Potere di Uccidere cerchio Diabolico della repressione della violenza sindrome della violenza totale Agire Tecnico impiego Modificazione e Potere di Stabilire Dati di Fatto Tipologia dell'Oggettivizzazione Tecnica Incremento del potenziale di Potere Sociale con Il Progresso Tecnico Processi di Formazione del Potere aSAGGI DI ANTROPOLOGIA eCodice materia Spics: 3507